000 00596nam a2200205Ia 4500
003 GCL
008 140319s9999 xx 000 0 eng d
040 _aGCL /
_cGCL
082 0 4 _aP
_b300.5
_bE A
100 1 _aPALMER,MONTE
245 1 0 _aAN ANALYTIC INDEX OF SURVEY RESEARCH IN EGYPT /
_cPALMER,MONTE
700 1 _aAL-SAFTY, MADIHO
700 1 _aKENNEDY, MARK
260 _a[S.N] :
_bAMERICAN UNIVERSITY IN CAIRO PRESS ،
_c1985
300 _a282
490 _aTHE WADSWORTH INTERNATIONAL DIMENSION OF BUSINESS
_v0
650 0 4 _aPERIODICALS
650 0 4 _aSOCIAL SCIENCE
942 _2ddc
_cCR
999 _c25910
_d25910